Famous People from the 6th century BC - Statistics

General Stats
  • This quiz has been taken 49 times
  • The average score is 9 of 18
Answer Stats
Hint Answer % Correct
Greek philosopher and mathematician: a² + b² = c² Pythagoras
91%
Persian King, who conquered Egypt, but lost at Marathon Darius
80%
Persian conqueror of Babylon and Lydia Cyrus the Great
77%
Chinese Philosopher, Author of the Analects Confucius
74%
Founder of Taoism Laozi
74%
Founder of Buddhism Siddhārtha Gautama
74%
Author of the Art of War Sun Tzu
74%
Author of the fables Aesop
71%
Persian religion founder and worshipper of Ahura Mazda Zoroaster
71%
Babylonian king, who build the Hanging Gardens and the Ishtar Gate Nebuchadnezzar II
43%
Rich king of Lydia, who was defeated by the Persians Croesus
29%
Author of "The Persians" and "The Oresteia" Aeschylus
23%
Biblical Prophet, who predicted the reclaimation to the land of Israel Ezekiel
23%
Greek Philosopher: "Everything flows" Heraclitus of Ephesus
23%
First greek philosopher, who predicted an eclipse Thales of Miletus
23%
Queen of Sparta, wife of King Leonidas Gorgo
17%
Biblical prophet, considert 11th of the 12 smaller prophets Zechariah
9%
Indian father of linguistics Pāṇini
6%
No matching quizzes found
Score Distribution
Percent of People with Each Score
Percentile by Number Answered
Your Score History
You have not taken this quiz